El Salvador: towards the elections /

sin resumen

שמור ב:
מידע ביבליוגרפי
מחבר ראשי: Montero Mejía, Alvaro
פורמט: Texto
תגים: הוספת תג
אין תגיות, היה/י הראשונ/ה לתייג את הרשומה!

MARC

LEADER 00000 a a2200000 04500
001 2687
003
040
100 |a Montero Mejía, Alvaro  
245 |a El Salvador:   |b towards the elections /  |c Alvaro Montero Mejía 
520 |a sin resumen  
773 |g volumen 15, número 1; páginas 6-7  
999 |c 39349  |d 39349